Football Stadiums in London - Statistics

General Stats
  • This quiz has been taken 63 times
    46 since last reset
  • The average score is 11 of 14
Answer Stats
Hint Answer % Correct
Tottenham Hotspur Tottenham Hotspur Stadium
94%
Brentford Brentford Community Stadium
88%
Fulham Craven Cottage
88%
West Ham London Stadium
88%
Chelsea Stamford Bridge
88%
Arsenal Emirates Stadium
85%
Watford Vicarage Road
82%
National Stadium Wembley Stadium
82%
Crystal Palace Selhurst Park
79%
Queens Park Rangers Loftus Road
76%
Charlton Athletic The Valley
74%
Sutton Utd Gander Green Lane
65%
Barnet The Hive
59%
AFC Wimbledon Plough Lane
56%
No matching quizzes found
Score Distribution
Percent of People with Each Score
Percentile by Number Answered
Your Score History
You have not taken this quiz since the last reset